| 000 | 00759nam a22002057a 4500 | ||
|---|---|---|---|
| 003 | SISC | ||
| 005 | 20170518115526.0 | ||
| 008 | 170518b xxu||||| |||| 00| 0 eng d | ||
| 020 | _a9781118916087 | ||
| 050 |
_aRC 489.C63 _b.Su943 2016 |
||
| 100 | _aSudek, Donna M. | ||
| 245 |
_aTeaching and supervising cognitive behavioral therapy / _cDonna M. Sudak, R. Trent Codd III, John Ludgate, Leslie Sokol, Marci G. Fox, Robert Reiser, Derek L. Milne. |
||
| 260 |
_aNew Jersey : _bJohn Wiley & Sons, Inc., _c2016. |
||
| 300 |
_axxiii, 279 pages ; _c23 cm. |
||
| 500 | _aIncludes bibliographical references and index. | ||
| 650 | _aCognitive therapy. | ||
| 650 | _aCognitive therapy -- Study and teaching. | ||
| 650 | _aBehavior therapy. | ||
| 942 |
_2lcc _cBK |
||
| 999 |
_c335156 _d335156 |
||